Digital business and e-commerce management : (Record no. 19930)
[ view plain ]
| 000 -LEADER | |
|---|---|
| fixed length control field | 01007cam a22002895a 4500 |
| 001 - CONTROL NUMBER | |
| control field | ocn899221472 |
| 003 - CONTROL NUMBER IDENTIFIER | |
| control field | OSt |
| 005 - DATE AND TIME OF LATEST TRANSACTION | |
| control field | 20201128021342.0 |
| 008 - FIXED-LENGTH DATA ELEMENTS--GENERAL INFORMATION | |
| fixed length control field | 141002t2015 enka frbd 001 0 eng d |
| 020 ## - INTERNATIONAL STANDARD BOOK NUMBER | |
| International Standard Book Number | 9780273786542 (paperback) |
| 040 ## - CATALOGING SOURCE | |
| Original cataloging agency | AU@ |
| Language of cataloging | eng |
| Transcribing agency | AU@ |
| Modifying agency | EG-ScBUE |
| 082 04 - DEWEY DECIMAL CLASSIFICATION NUMBER | |
| Classification number | 658.872 |
| Edition number | 22 |
| Item number | CHA |
| 100 1# - MAIN ENTRY--PERSONAL NAME | |
| Personal name | Chaffey, Dave, |
| Dates associated with a name | 1963- |
| 9 (RLIN) | 12830 |
| 245 10 - TITLE STATEMENT | |
| Title | Digital business and e-commerce management : |
| Remainder of title | strategy, implementation and practice / |
| Statement of responsibility, etc | David Chaffey. |
| 250 ## - EDITION STATEMENT | |
| Edition statement | 6th ed. |
| 260 ## - PUBLICATION, DISTRIBUTION, ETC. (IMPRINT) | |
| Place of publication, distribution, etc | Harlow : |
| Name of publisher, distributor, etc | Pearson Education Limited, |
| Date of publication, distribution, etc | c.2015. |
| 300 ## - PHYSICAL DESCRIPTION | |
| Extent | xxxi, 680 p. : |
| Other physical details | ill. (col.) ; |
| Dimensions | 27 cm. |
| 500 ## - GENERAL NOTE | |
| General note | Glossary : p. 650-665. |
| 500 ## - GENERAL NOTE | |
| General note | Index : p. 666-680. |
| 504 ## - BIBLIOGRAPHY, ETC. NOTE | |
| Bibliography, etc | Includes bibliographical references. |
| 650 #7 - SUBJECT ADDED ENTRY--TOPICAL TERM | |
| Topical term or geographic name as entry element | Electronic commerce. |
| Source of heading or term | BUEsh |
| 9 (RLIN) | 1169 |
| 650 #7 - SUBJECT ADDED ENTRY--TOPICAL TERM | |
| Topical term or geographic name as entry element | Business enterprises |
| General subdivision | Computer networks. |
| Source of heading or term | BUEsh |
| 9 (RLIN) | 27486 |
| 651 ## - SUBJECT ADDED ENTRY--GEOGRAPHIC NAME | |
| Source of heading or term | BUEsh |
| 653 ## - INDEX TERM--UNCONTROLLED | |
| Resource For college | BAEPS, Business Administration |
| Arrived date list | August2015 |
| -- | June2015 |
| -- | October2015 |
| 653 ## - INDEX TERM--UNCONTROLLED | |
| Resource For college | Informatics and Computer Science |
| Arrived date list | August2015 |
| -- | December2015 |
| 942 ## - ADDED ENTRY ELEMENTS (KOHA) | |
| Source of classification or shelving scheme | Dewey Decimal Classification |
| Call number prefix | 658.872 CHA |
| Withdrawn status | Lost status | Source of classification or shelving scheme | Damaged status | Not for loan | Koha collection | Home library | Current library | Shelving location | Date acquired | Source of acquisition | Cost, normal purchase price | Serial Enumeration / chronology | Total Checkouts | Total Renewals | Full call number | Barcode | Date last seen | Date last borrowed | Cost, replacement price | Koha item type | Checked out |
|---|---|---|---|---|---|---|---|---|---|---|---|---|---|---|---|---|---|---|---|---|---|
| Dewey Decimal Classification | Alahram | Central Library | Central Library | First floor | 24/06/2015 | Purchase | 295.00 | 339 | 7 | 23 | 658.872 CHA | 000038800 | 15/07/2025 | 18/03/2019 | 368.75 | Book - Borrowing | |||||
| Dewey Decimal Classification | Baccah | Central Library | Central Library | First floor | 18/08/2015 | Purchase | 394.00 | 21759 | 5 | 34 | 658.872 CHA | 000030690 | 15/07/2025 | 04/03/2019 | 493.00 | Book - Borrowing | |||||
| Dewey Decimal Classification | Baccah | Central Library | Central Library | First floor | 16/03/2016 | Purchase | 658.872 CHA | 000032092 | 15/07/2025 | NB - Book (Non borrowing) | |||||||||||
| Dewey Decimal Classification | Baccah | Central Library | Central Library | First floor | 16/03/2016 | Purchase | 6 | 7 | 658.872 CHA | 000032093 | 15/07/2025 | 16/03/2025 | Book - Borrowing | ||||||||
| Dewey Decimal Classification | Baccah | Central Library | Central Library | First floor | 16/03/2016 | Purchase | 2 | 7 | 658.872 CHA | 000032094 | 15/07/2025 | 17/04/2016 | Book - Borrowing | ||||||||
| Dewey Decimal Classification | Baccah | Central Library | Central Library | First floor | 16/03/2016 | Purchase | 5 | 15 | 658.872 CHA | 000032095 | 15/07/2025 | 13/04/2019 | Book - Borrowing | ||||||||
| Dewey Decimal Classification | Baccah | Central Library | Central Library | First floor | 16/03/2016 | Purchase | 7 | 34 | 658.872 CHA | 000032096 | 15/07/2025 | 24/10/2020 | Book - Borrowing | ||||||||
| Dewey Decimal Classification | Baccah | Central Library | Central Library | First floor | 16/03/2016 | Purchase | 5 | 3 | 658.872 CHA | 000032097 | 15/07/2025 | 05/05/2019 | Book - Borrowing | ||||||||
| Dewey Decimal Classification | Baccah | Central Library | Central Library | First floor | 16/03/2016 | Purchase | 1 | 2 | 658.872 CHA | 000032098 | 15/07/2025 | 27/04/2016 | Book - Borrowing | ||||||||
| Dewey Decimal Classification | Baccah | Central Library | Central Library | First floor | 16/03/2016 | Purchase | 5 | 23 | 658.872 CHA | 000032099 | 15/07/2025 | 01/12/2024 | Book - Borrowing | ||||||||
| Dewey Decimal Classification | Central Library | Central Library | First floor | 10/09/2017 | Purchase | 4 | 12 | 658.872 CHA | 000046577 | 05/05/2019 | 05/05/2019 | Book - Borrowing | 14/04/2020 |